Guess the Musical Acts A-Z - Statistics

General Stats
  • This quiz has been taken 72 times
  • The average score is 17 of 26
Answer Stats
Letter Songs Musical act % Correct
Q Bohemian Rhapsody | We Will Rock You | Don't Stop Me Now Queen
95%
S Hips Don't Lie | Waka Waka | Whenever, Wherever Shakira
95%
M Billie Jean | Beat It | Smooth Criminal Michael Jackson
94%
E Shape of You | Photograph | Perfect Ed Sheeran
91%
N Smells Like Teen Spirit | Something In The Way | Come As You Are Nirvana
91%
G American Idiot | Basket Case | Wake Me up When September Ends Green Day
85%
J Baby | Sorry | Love Yourself Justin Bieber
85%
O Wonderwall | Don't Look Back in Anger | Live Forever Oasis
85%
H Watermelon Sugar | As It Was | Golden Harry Styles
82%
R Creep | Karma Police | Fake Plastic Trees Radiohead
80%
U With Or Without You | Beautiful Day | One U2
78%
T Blank Space | Anti-Hero | Wildest Dreams Taylor Swift
75%
W Blinding Lights | Starboy | The Hills The Weeknd
74%
B bad guy | ocean eyes | everything i wanted Billie Eilish
71%
I Believer | Thunder | Demons Imagine Dragons
69%
D God's Plan | Passionfruit | One Dance Drake
68%
V Jump | Panama | Hot for Teacher Van Halen
68%
A 7 rings | positions | One Last Time Ariana Grande
60%
C Just Like Heaven | Friday I'm In Love | Boys Don't Cry The Cure
58%
L Young and Beautiful | Born To Die | Summertime Sadness Lana Del Rey
51%
P Circles | rockstar | Psycho Post Malone
49%
K HUMBLE. | All The Stars | DNA. Kendrick Lamar
46%
Z PILLOWTALK | Dusk Till Dawn | Trampoline ZAYN
42%
X Hope | Moonlight | SAD! XXXTENTACION
31%
F Pink + White | Ivy | Chanel Frank Ocean
20%
Y Trance | pick up the phone | Solid Young Thug
6%
No matching quizzes found
Score Distribution
Percent of People with Each Score
Percentile by Number Answered
Your Score History
You have not taken this quiz